Blue Mountain State Trivia - Statistics

General Stats
  • This quiz has been taken 243 times
  • The average score is 15 of 25
Answer Stats
Hint Answer % Correct
Captain of the BMS Football Team Thad Castle
98%
What position does Thad Castle play? Line Backer
88%
Season 3 starting QB Alex Moran
79%
What position does Harmon Tedesco play? Kicker
78%
What position does Craig Shilo play? Running Back
76%
Who is the Blue Mountain State Mascot Sammy Cacciatore
73%
Where does the team host their parties? The Goat House
73%
Season 2 starting QB Radon Randell
71%
Head Coach of BMS Football Team Marty Daniels
70%
What was Thad's method to passing a drug test? Oil Change
69%
What virus does Thad use as a performance enhancer? Rabies
68%
What sport did Alex play in order to avoid off season conditioning? Hockey
63%
What other BMS sports team has a long-standing rivalry with the football team? Lacrosse Team
60%
What is Thad's real name? Kevin
57%
What is Alex Moran's home state? Wyoming
56%
What is the 'C-Word'? Concussion
53%
Who stuck their finger in Thad's butt in, "The Fingering"? Larry
53%
What position does Donnie Schrab play? Center
52%
What brand of whiskey is Mary Jo often seen drinking? Jack Daniels
51%
What European country is Thad's half-sister from? Bosnia and Herzegovina
49%
What's the name of Radon's radio call-in show? Dreams
47%
What is Thad's favorite cocktail? Mojitos
35%
Season 1 starting QB Travis James
35%
What band sings the show's theme song, "Hell Yeah"? Rev Theory
34%
What famous actress played Debra, Marty's wife? Denise Richards
25%
No matching quizzes found
Score Distribution
Percent of People with Each Score
Percentile by Number Answered
Your Score History
You have not taken this quiz